Ιστορία της Λατινικής Αμερικής : από το τέλος της αποικιοκρατίας μέχρι σήμερα
Αποθηκεύτηκε σε:
| Κύριος συγγραφέας: | |
|---|---|
| Μορφή: | Βιβλίο |
| Γλώσσα: | Greek |
| Δημοσίευση: |
Αθήνα :
Αιώρα,
2014.
|
| Θέματα: | |
| Ετικέτες: |
Προσθήκη ετικέτας
Δεν υπάρχουν, Καταχωρήστε ετικέτα πρώτοι!
|
MARC
| LEADER | 00000cam a2200000 a 4500 | ||
|---|---|---|---|
| 001 | 1/112541 | ||
| 008 | 161212s2014####gr a ||| |||| ||gre|| | ||
| 020 | |a 9786185048228 | ||
| 040 | |a GR-MyUa |b gre |c GR-MyUa |e AACR2 | ||
| 041 | 0 | |a gre | |
| 082 | 7 | |a 980 |2 (23) | |
| 100 | 1 | |a Δαμηλάκου, Μαρία. | |
| 245 | 1 | 0 | |a Ιστορία της Λατινικής Αμερικής : |b από το τέλος της αποικιοκρατίας μέχρι σήμερα / |c Μαρία Δαμηλάκου. |
| 260 | |a Αθήνα : |b Αιώρα, |c 2014. | ||
| 300 | |a 300 σ. : |b εικ. ; |c 25 εκ. | ||
| 651 | 0 | |a South America |x History. | |
| 852 | |a INST |b LESVOS |e 20161212 |h 980 ΔΑΜ |p 005100058174 |q 005100058174 |t BK |y 0 | ||
| 852 | |a INST |b RHODES |c EUDOXUS |e 20210622 |h 980 ΔΑΜ |p 005400042163 |q 005400042163 |t EDX |y 0 | ||
| 920 | |a Εύδοξος |b Επιστροφή |y Ρόδος |z 2021-06 | ||
| 970 | |a Τζαφέρη |b Ευαγγελία |z 12-12-2016 | ||